000 nam a22 a 4500
999 _c94931
_d94931
003 BLK
005 20220920105839.0
008 180408b bul|||||r ||||||| ||bul||
010 _aKNG00099772000
040 _aBLK
041 _aBUL
_cBUL
080 _aФизиологична и медицинска акустика - Слух, стереоакустично слушане, дефекти на слуха, физика на речта(речевите звуци), звуковополе на човешкия глас, синтез на изкуствени речеви звуци, образуване
_b534.7
_x(075.8)
_z534.7(075.8)
100 1 _aЛюцканов, Михаил Михайлов
_eпърви автор
_9306156
139 _aЛюцканов, Михаил Михайлов
_bЛ 97
245 1 0 _aФизиологична акустика
_bЗа тонрежисьори
_cМихаил Михайлов Люцканов
257 _aBGR
260 _bНаука и изкуство
_c1975
_fВарна : Ст. Добрев-Странджата
_aСофия
300 _a164 с.
_bс ил.
_c22 см
380 _a5
500 _aБиблиогр. с. 160-162.
650 4 _aАкустика - приложение - наръчници и ръководства
_9246967
653 _aакустика
653 _aфизиология
852 _aЦб 75252
_bЦб
856 4 _qpdf
856 4 _qpdf
942 _cKNG
_n0
_s1
944 _aCR
_c21.02.2011
_lдобави в АБ / 19.02.2011
_kИрена_Линкова
944 _aED
_c01.08.2011
_lдобави в АБ / 19.02.2011
944 _aED
_c2022-09-20
_l2022-09-20
999 _d94931